[Event "45th FIDE Chess Olympiad Open"]
[Site "Budapest, Hungary"]
[Date "2024.09.13"]
[Round "3.35"]
[White "Daneshvar, Bardiya"]
[Black "Jobava, Baadur"]
[Result "1/2-1/2"]
[WhiteElo "2598"]
[BlackElo "2582"]
[PlyCount "138"]
[EventDate "2024.??.??"]
[WhiteTeam "Iran"]
[BlackTeam "Georgia"]
[WhiteTeamCountry "IRI"]
[BlackTeamCountry "GEO"]
[WhiteClock "0:08:00"]
[BlackClock "0:09:07"]

1. Nf3 {Duda,Jan Krzysztof} Nf6 2. c4 c6 3. Nc3 d5 4. e3 g6 5. d4 Bg7 6. Be2 O-O 7. O-O Ne4 ({RR} 7... a6 8. a4 ({RR} 8. h3 e6 9. b3 Nbd7) 8... e6 ({RR} 8... a5 9. cxd5 cxd5 10. Bd2 Nc6 11. Qb3) 9. b4 Ne4 10. Nxe4 dxe4 11. Nd2 f5 12. c5 Nd7 13. Nc4) ({RR} 7... dxc4 8. Bxc4 Bg4 9. Be2 Nbd7 10. e4 ({RR} 10. h3 Bxf3 11. Bxf3 e5 12. d5 cxd5 13. Bxd5 Nc5) 10... Bxf3 11. Bxf3 e5 12. d5 cxd5 13. exd5 Re8 14. Bg5 h6 15. Be3) 8. h3 ({RR} 8. Nxe4 dxe4 9. Nd2 c5 ({RR} 9... f5) 10. dxc5 f5 11. Rb1 ({RR} 11. Nb3 Qxd1 12. Rxd1 Bd7) ({RR} 11. Qc2) 11... a5 12. a3 ({RR} 12. b3 Na6 13. Bb2 Bxb2 14. Rxb2 Nxc5 15. Nb1 Qb6) 12... a4 13. b4 axb3 14. Nxb3 ({RR} 14. Qxb3 Nd7 15. Qb4 Nb8 16. Qb3) 14... Qxd1 15. Rxd1 Nd7 16. Kf1 h5 17. Bd2 Rxa3 ({RR} 17... Kf7 18. Bb4 Ne5 19. Na5 Bf6) 18. Na5 Nxc5 ({RR} 18... Ne5 19. Nxb7 Bd7 20. Na5 Ba4 21. Ra1 Bxd1 22. Rxa3 Bxe2+ 23. Kxe2 Rc8) ({RR} 18... Kf7) 19. Bb4 Ra2 20. Bxc5 Rxa5 21. Bxe7 Rf7 ({RR} 21... Re8 22. Bd6) 22. Bb4 ({RR} 22. Rd8+ Kh7 23. Bb4 Ra8) 22... Ra8 {Duda,J (2748)-Yu,Y (2753) Hamburg 2019 CBM 193 [Duda,Jan Krzysztof] 1-0 (36)}) ({RR} 8. Qb3 Nxc3 9. bxc3 b6) ({RR} 8. a4) 8... b6 9. a4 ({RR} 9. Nxe4 dxe4 10. Nd2 f5 11. b4 c5 12. bxc5 bxc5 13. Nb3 cxd4 14. Nxd4 Nc6 15. Bb2 Nxd4 16. Bxd4 Be6 17. Bxg7 Qd5 18. Qd2 Qxd2 19. Rfe1 Qd1 20. Rexd1 Kxg7 21. c5 Rfc8 22. Rac1 Rab8 23. a4 Rb4 {Boldoo,E (2375)-Bai,J (2580) Dubai UAE 2024 ½-½ (37)}) 9... Ba6 $146 ({RR} 9... Bb7 10. cxd5 Nxc3 11. bxc3 cxd5 12. a5 Nd7 13. axb6 axb6 14. Ba3 Re8 15. Qb3 e6 16. Bd6 Bf8 17. Bg3 Qc8 18. Rxa8 Qxa8 19. Ne5 Nxe5 20. Bxe5 Qa5 21. Rb1 Ba6 22. Bxa6 Qxa6 23. Qxb6 Qd3 24. Qb5 {Epishin,V (2585)-Ernst,S (2420) Groningen 1998 1-0 (47)}) 10. cxd5 cxd5 11. Bb5 Bb7 12. Qb3 Nxc3 13. bxc3 Nc6 14. Ba3 Qc7 15. Rfc1 Rfc8 16. Nd2 e5 17. Nf3 Na5 18. Qd1 Nc4 19. Bxc4 dxc4 20. Nxe5 Bxe5 21. dxe5 Qxe5 22. Bd6 Qe6 23. Ra2 Bc6 24. Rd2 Rd8 25. Rd4 Bxa4 26. Qd2 f5 27. f3 Rd7 28. Bf4 a5 29. Re1 Bc6 30. Rd1 Raa7 31. Qb2 Bd5 32. Kh2 Kg7 33. Qb5 Qc6 34. Be5+ Kf7 35. Qb2 Ke8 36. e4 fxe4 37. fxe4 Bxe4 38. Rd6 Rxd6 39. Rxd6 Qc5 40. Re6+ Kd7 41. Bd4 Qc7+ 42. Re5 Kc8 43. Kg1 Bc6 44. Qxb6 Qxb6 45. Bxb6 Rb7 46. Bxa5 Rb2 47. Rg5 Kd7 48. Bb4 Rc2 49. Rg3 Ke6 50. Bf8 Be4 51. Bh6 Kf5 52. Rg5+ Kf6 53. Rg4 Bd5 54. Rg3 Bc6 55. Bg5+ Ke6 56. Bh6 Be4 57. Rg4 Bd3 58. Bg7 Kf5 59. Rg3 h5 60. Rf3+ Ke4 61. Bd4 Kd5 62. Rf2 Rc1+ 63. Kh2 Be4 64. h4 Rd1 65. Bg7 Bf5 66. Re2 Kc6 67. Kg3 Rd7 68. Bf6 Rd6 69. Bg7 Rd7 1/2-1/2

[Event "45th FIDE Chess Olympiad Open"]
[Site "Budapest, Hungary"]
[Date "2024.09.13"]
[Round "3.36"]
[White "Pantsulaia, Levan"]
[Black "Movahed, Sina"]
[Result "1-0"]
[WhiteElo "2516"]
[BlackElo "2528"]
[PlyCount "95"]
[EventDate "2024.??.??"]
[WhiteTeam "Georgia"]
[BlackTeam "Iran"]
[WhiteTeamCountry "GEO"]
[BlackTeamCountry "IRI"]
[WhiteClock "0:26:30"]
[BlackClock "0:23:00"]

1. Nf3 d5 2. g3 Nf6 3. Bg2 c5 4. O-O e6 5. d3 Nc6 6. Nbd2 Be7 7. e4 O-O 8. Re1 Qc7 9. e5 Nd7 10. Qe2 b5 11. h4 a5 12. Nf1 a4 13. a3 ({RR} 13. N1h2 a3 14. b3 c4 15. d4 Nb4 16. Bg5 Bxg5 17. hxg5 Ba6 18. Qd2 Qa5 19. Bf1 Rfc8 20. c3 Nd3 21. b4 Qc7 22. Re3 Nb2 23. Ng4 Nf8 24. Kg2 Ng6 25. Be2 Ne7 26. Bd1 Nf5 27. Re1 Kf8 {Amin,B (2694)-Erigaisi,A (2710) Biel SUI 2023 0-1 (44)}) 13... b4 14. Bf4 Ba6 15. Ne3 Qa5 $146 ({RR} 15... bxa3 16. bxa3 Qa5 17. c4 Nd4 18. Nxd4 cxd4 19. Nxd5 exd5 20. Bxd5 Nc5 21. Bd2 Qc7 22. Qg4 Bc8 23. Qh5 Rb8 24. Bb4 Be6 25. Bxc5 Qxc5 26. Be4 g6 27. Qh6 Rb6 28. f4 Rfb8 29. h5 Bf8 30. Qg5 {Antunes,L (2045)-Fernandez Cano,V (2007) chess.com INT 2024 0-1 (58)}) ({RR} 15... bxa3 16. bxa3 Nd4 17. Nxd4 cxd4 18. Nxd5 exd5 19. e6 Bd6 20. e7 Bxf4 21. exf8=Q+ Rxf8 22. gxf4 {1-0 (22) Cacho Reigadas,S (2445)-Marca Esturnell,J Benasque 1997}) 16. h5 bxa3 17. bxa3 Nd4 18. Qd1 h6 19. c4 dxc4 20. Nxc4 Bxc4 21. Nxd4 cxd4 22. dxc4 Rad8 23. Bd2 Qc7 24. Qxa4 Rb8 25. Qc6 Qa7 26. Bb4 Rfc8 27. Qe4 Bxb4 28. axb4 Qb6 29. Bf1 Qxb4 30. Bd3 Nf8 31. Qxd4 Rd8 32. Qe3 Rbc8 33. Reb1 Qe7 34. Ra7 Rc7 35. Rba1 Rcd7 36. Be2 Rc8 37. Rxd7 Nxd7 38. Ra7 Qd8 39. Qd4 Nc5 40. Qxd8+ Rxd8 41. Rc7 Na6 42. Rc6 Nb8 43. Rd6 Rc8 44. Bf3 Kf8 45. Bb7 Rxc4 46. Rd8+ Ke7 47. Rxb8 Rb4 48. f4 1-0

[Event "45th FIDE Chess Olympiad Open"]
[Site "Budapest, Hungary"]
[Date "2024.09.13"]
[Round "3.37"]
[White "Peralta, Fernando"]
[Black "Duda, Jan-Krzysztof"]
[Result "0-1"]
[WhiteElo "2558"]
[BlackElo "2732"]
[PlyCount "70"]
[EventDate "2024.??.??"]
[WhiteTeam "Argentina"]
[BlackTeam "Poland"]
[WhiteTeamCountry "ARG"]
[BlackTeamCountry "POL"]
[WhiteClock "0:00:32"]
[BlackClock "0:22:39"]

1. d4 Nf6 2. c4 c5 3. d5 g6 4. Nc3 Bg7 5. e4 d6 6. h3 O-O 7. Nf3 e6 8. Bd3 exd5 9. exd5 Re8+ 10. Be3 Rxe3+ 11. fxe3 Qe7 12. O-O Nbd7 13. Qe1 ({RR} 13. Qd2 Nh5 14. Qf2 Ne5 15. Be2 Nxf3+ 16. Bxf3 Nf6 17. Rae1 Nd7 18. Bg4 Bxc3 19. bxc3 Ne5 20. Bxc8 Rxc8 21. Qf6 Qxf6 22. Rxf6 Kf8 23. a4 Ke7 24. Rf4 h5 25. Rb1 Rc7 26. Kf1 Nd3 27. Re4+ Ne5 {Carlsen,M (2853)-Rapport,R (2745) Warsaw POL 2023 1-0 (62)}) 13... h6 $146 ({RR} 13... Ne8 14. Rd1 Ne5 15. Be2 Bd7 16. Qf2 a6 17. a4 Nc7 18. a5 Re8 19. Nxe5 Bxe5 20. Bd3 Rb8 21. Bc2 Ne8 22. Na4 Bxa4 23. Bxa4 Nf6 24. Bc2 Nh5 25. Rb1 Ng3 26. Rfd1 Qh4 27. Bd3 f5 28. Bf1 {Dedebas,E (2336)-Benidze,D (2487) Marmaris 2018 ½-½ (36)}) ({RR} 13... b6 14. Qf2 Ba6 15. Rae1 Rf8 16. Kh1 Ne5 17. Nxe5 Qxe5 18. Qf4 Qe7 19. Qg5 h6 20. Qh4 Nxd5 21. Qxe7 Nxe7 22. Rc1 d5 23. b3 Rd8 24. Rfd1 Bxc3 25. Rxc3 dxc4 26. bxc4 Nf5 27. Bc2 Ng3+ 28. Kh2 {Navara,D (2679)-Hakobyan,A (2616) chess.com INT 2024 1-0 (42)}) ({RR} 13... Ne5 14. Nxe5 Qxe5 15. Rf3 Qe7 16. Qh4 Nxd5 17. Qxe7 Nxe7 18. Rd1 Bxc3 19. bxc3 Be6 20. Be4 Rd8 21. Bd5 Nxd5 22. cxd5 Bf5 23. g4 Be4 24. Rf4 Re8 25. Rf6 Rd8 26. g5 b5 27. Kf2 a5 28. a3 {Zifroni,D (2448)-Flom,G (2506) Herzliya 2019 ½-½ (33)}) 14. Qf2 Nh7 15. Ne4 Ne5 16. Nxe5 Bxe5 17. Nc3 Bd7 18. Ne2 Be8 19. Nf4 Nf6 20. Rae1 Nd7 21. Bc2 a6 22. a4 b6 23. Nd3 Bg7 24. b4 cxb4 25. Nxb4 Ne5 26. Bb3 Qc7 27. Rd1 b5 28. c5 dxc5 29. d6 Qa7 30. Nd5 c4 31. Bc2 Rd8 32. Nf6+ Bxf6 33. Qxf6 Qxe3+ 34. Kh1 Qg5 35. Qxg5 hxg5 0-1

[Event "45th FIDE Chess Olympiad Open"]
[Site "Budapest, Hungary"]
[Date "2024.09.13"]
[Round "3.38"]
[White "Wojtaszek, Radoslaw"]
[Black "Felgaer, Ruben"]
[Result "1-0"]
[WhiteElo "2681"]
[BlackElo "2563"]
[PlyCount "85"]
[EventDate "2024.??.??"]
[WhiteTeam "Poland"]
[BlackTeam "Argentina"]
[WhiteTeamCountry "POL"]
[BlackTeamCountry "ARG"]
[WhiteClock "0:29:17"]
[BlackClock "0:29:43"]

1. d4 d5 2. c4 c6 3. Nf3 Nf6 4. Nc3 dxc4 5. a4 Bf5 6. Ne5 Nbd7 7. Nxc4 Nb6 8. Ne5 a5 9. h4 h6 10. f3 Nfd7 11. e4 Bh7 12. Nd3 e6 13. Be3 Bd6 14. Bf2 Qc7 15. Qc2 Bg3 16. Bxg3 Qxg3+ 17. Qf2 Qd6 18. Be2 Qe7 19. f4 Nc4 20. Bf3 O-O 21. Rd1 Rad8 22. O-O Kh8 23. Rfe1 f6 24. Bg4 Ncb6 25. d5 e5 26. Be6 $146 ({RR} 26. d6 Qxd6 27. Nxe5 Qe7 28. Nd3 Bg8 29. Bxd7 Nxd7 30. Qa7 Bb3 31. Rd2 Nb8 32. Qb6 Bc4 33. Red1 Rxd3 34. Rxd3 Bxd3 35. Rxd3 Qb4 36. Qf2 Na6 37. Rd4 Qc5 38. Ne2 Qb6 39. Ng3 Rd8 40. Rxd8+ Qxd8 {Moranda,W (2554)-Gumularz,S (2593) Rzeszow POL 2024 ½-½ (66)}) 26... cxd5 27. exd5 Bxd3 28. Rxd3 Nc5 29. Rf3 Nbxa4 30. Nxa4 Nxa4 31. fxe5 fxe5 32. Rxe5 Rxf3 33. gxf3 Qf6 34. f4 b6 35. Bf5 Nc5 36. h5 Nd7 37. Bxd7 Rxd7 38. Re8+ Kh7 39. Qc2+ g6 40. Qe4 Rg7 41. Re6 Qf5 42. Qxf5 gxf5+ 43. Kf2 1-0

[Event "45th FIDE Chess Olympiad Open"]
[Site "Budapest, Hungary"]
[Date "2024.09.13"]
[Round "3.39"]
[White "Flores, Diego"]
[Black "Piorun, Kacper"]
[Result "0-1"]
[WhiteElo "2546"]
[BlackElo "2599"]
[PlyCount "90"]
[EventDate "2024.??.??"]
[WhiteTeam "Argentina"]
[BlackTeam "Poland"]
[WhiteTeamCountry "ARG"]
[BlackTeamCountry "POL"]
[WhiteClock "0:17:39"]
[BlackClock "0:30:02"]

1. c4 e5 2. Nc3 Bb4 3. Nd5 a5 4. Nf3 d6 5. a3 Bc5 6. e3 c6 7. d4 Ba7 8. Nc3 Nd7 9. Be2 Ngf6 10. g4 exd4 $146 ({RR} 10... O-O 11. g5 Ne8 12. dxe5 Qe7 13. Qc2 Nxe5 14. Nxe5 dxe5 15. h4 f5 16. b4 Nc7 17. c5 Be6 18. Bb2 Rad8 19. Na4 Qf7 20. Rc1 f4 21. e4 f3 22. Bc4 Nb5 23. Bxe6 Qxe6 24. Qc4 Qxc4 25. Rxc4 {Schitco,I (2503)-Moussard,J (2639) Budva MNE 2023 0-1 (44)}) ({RR} 10... O-O 11. g5 Ne8 12. h4 Qe7 13. Qc2 Nc7 14. Bd2 b5 15. dxe5 dxe5 16. Ne4 b4 17. Rg1 f5 18. gxf6 Nxf6 19. Nxf6+ Rxf6 20. Qe4 Bf5 21. Qxe5 Ne6 22. axb4 Bb8 23. Qc3 axb4 24. Qc1 Rxa1 25. Qxa1 {Kulaev,M (2341)-Pingin,A (2409) Yekaterinburg RUS 2024 1-0 (70)}) ({RR} 10... h6 11. Rg1 Qe7 12. h4 Nf8 13. dxe5 dxe5 14. g5 hxg5 15. hxg5 N6d7 16. Ne4 Bb8 17. Bd2 Nc5 18. Nxc5 Qxc5 19. Qc2 Be6 20. Bc3 Bc7 21. O-O-O Nd7 22. Nd2 O-O-O 23. Ne4 Qe7 24. g6 f6 25. Ng3 {Hess,M (2379)-Spyratos,N (2192) Bassano del Grappa 2022 ½-½ (61)}) 11. exd4 d5 12. g5 Ne4 13. cxd5 Nxc3 14. bxc3 cxd5 15. Bd3 O-O 16. h4 Re8+ 17. Kf1 Nf8 18. Ne5 Be6 19. h5 Rc8 20. g6 Rxc3 21. Qf3 fxg6 22. hxg6 hxg6 23. Bd2 Rb3 24. Qf4 Bb8 25. Bc2 Rh3 26. Kg2 Rh5 27. Rxh5 gxh5 28. Rh1 Bxe5 29. dxe5 Bf7 30. Qg3 Qc7 31. Bd3 Qxe5 32. Bf4 Qf6 33. Bg5 Qe6 34. Rb1 b6 35. Rc1 Bg6 36. Bb5 Rc8 37. Rxc8 Qxc8 38. Be3 Qe6 39. Kh2 Qf6 40. Bg5 Qb2 41. a4 Be4 42. Be3 Qf6 43. Bg5 Qf5 44. Be8 Nh7 45. Bh6 Kf8 0-1

[Event "45th FIDE Chess Olympiad Open"]
[Site "Budapest, Hungary"]
[Date "2024.09.13"]
[Round "3.40"]
[White "Bartel, Mateusz"]
[Black "Sosa, Tomas"]
[Result "0-1"]
[WhiteElo "2618"]
[BlackElo "2515"]
[PlyCount "114"]
[EventDate "2024.??.??"]
[WhiteTeam "Poland"]
[BlackTeam "Argentina"]
[WhiteTeamCountry "POL"]
[BlackTeamCountry "ARG"]
[WhiteClock "0:14:28"]
[BlackClock "0:04:28"]

1. e4 e5 2. Nf3 Nc6 3. d4 exd4 4. Nxd4 Bc5 5. Nb3 Bb6 6. Qe2 a5 7. a4 d6 ({RR} 7... Nf6 8. Nc3 O-O 9. Be3 Bxe3 10. Qxe3 Nb4 11. O-O-O d5 12. exd5 Nfxd5 13. Nxd5 Nxd5 14. Qe5 c6 15. c4 Qf6 16. Qxf6 Nxf6 17. Bd3 Ng4 18. Rd2 Be6 19. Nc5 b6 20. Nxe6 fxe6 21. f3 Ne5 22. Re1 {Diaz Guerrero,J (2057)-Kazantzoglou,S (2139) chess.com INT 2024 0-1 (58)}) 8. Be3 Bxe3 9. Qxe3 Be6 $146 ({RR} 9... Nb4 10. Qd2 Nf6 11. Nxa5 Nxc2+ 12. Qxc2 Rxa5 13. Bb5+ c6 14. b4 Ra8 15. Bd3 O-O 16. O-O Ng4 17. Nd2 Qh4 18. Nf3 Qh5 19. a5 Be6 20. a6 bxa6 21. Qxc6 d5 22. Rxa6 Rac8 23. Qb5 Rb8 24. Rb6 {Paichadze,L (2564)-Hovhannisyan,R (2626) Reykjavik 2021 1-0 (65)}) ({RR} 9... Nf6 10. Nc3 O-O 11. O-O-O Re8 12. f3 Be6 13. Nd4 Nxd4 14. Qxd4 Nd7 15. Bb5 Qg5+ 16. Kb1 Rad8 17. Qf2 c6 18. Be2 Qc5 19. Rd4 f5 20. Rhd1 Nf6 21. Qg3 fxe4 22. fxe4 Bf7 23. Bf3 Re5 24. Qf4 {Bulmaga,I (2396)-Kiolbasa,O (2376) Bydgoszcz 2022 ½-½ (55)}) ({RR} 9... Nb4 10. Na3 Nf6 11. O-O-O O-O 12. f3 Qe7 13. g4 Nfd5 14. Qd2 Nb6 15. Bb5 Be6 16. Kb1 c6 17. Qxd6 Qxd6 18. Rxd6 Bxb3 19. cxb3 Nc8 20. Rd7 cxb5 21. axb5 b6 22. Rhd1 g5 23. Nc4 Re8 24. Rc1 {Willy,S (2080)-Park,E (2358) Dulles USA 2023 ½-½ (59)}) 10. Nc3 Bxb3 11. cxb3 Nf6 12. Bc4 Nb4 13. O-O O-O 14. Rad1 Re8 15. Qg3 Qe7 16. Rfe1 Rad8 17. h3 c6 18. Re2 Qe5 19. Qe3 Nd7 20. Qa7 Qc5 21. Qxc5 Nxc5 22. f3 Rd7 23. Red2 Red8 24. h4 Kf8 25. Kf2 Nca6 26. f4 Nc7 27. Be2 d5 28. Bg4 Re7 29. Bf3 d4 30. e5 Ne6 31. Kg3 Red7 32. Ne4 d3 33. Bg4 Rd4 34. Bxe6 Rxe4 35. Bf5 Red4 36. Kf3 g6 37. Be4 f5 38. exf6 Kf7 39. g4 Kxf6 40. g5+ Kg7 41. h5 R8d7 42. h6+ Kf8 43. Ke3 c5 44. Rxd3 Nxd3 45. Rxd3 b6 46. Rxd4 cxd4+ 47. Ke2 Rf7 48. Kf3 Re7 49. b4 axb4 50. b3 Rc7 51. Ke2 Rf7 52. Kd3 Rxf4 53. Kxd4 Rg4 54. Kd5 Rxg5+ 55. Kc6 Re5 56. Bd3 Re6+ 57. Kb5 g5 0-1

[Event "45th FIDE Chess Olympiad Open"]
[Site "Budapest, Hungary"]
[Date "2024.09.13"]
[Round "3.41"]
[White "Suleymanli, Aydin"]
[Black "Schitco, Ivan"]
[Result "1-0"]
[WhiteElo "2632"]
[BlackElo "2527"]
[PlyCount "101"]
[EventDate "2024.??.??"]
[WhiteTeam "Azerbaijan"]
[BlackTeam "Moldova"]
[WhiteTeamCountry "AZE"]
[BlackTeamCountry "MDA"]
[WhiteClock "0:18:37"]
[BlackClock "0:18:30"]

1. e4 c6 2. d4 d5 3. e5 Bf5 4. Nf3 e6 5. Be2 a6 6. O-O Bg6 7. Nbd2 c5 8. c4 Nc6 9. cxd5 exd5 10. a3 $146 ({RR} 10. dxc5 Bxc5 11. Nb3 Bb6 12. Bg5 Nge7 13. Rc1 h6 14. Bh4 O-O 15. Re1 Qe8 16. Nc5 Nf5 17. Nxb7 Nxe5 18. Qxd5 Nxf3+ 19. Bxf3 Qb5 20. Bg3 Qxb2 21. Rb1 Rae8 22. Red1 Qc3 23. Qc6 {0-1 (23) Boyer,M (2453)-Motylev,A (2624) Cannes FRA 2023}) ({RR} 10. dxc5 Bxc5 11. Nb3 Ba7 12. Nbd4 Nge7 13. Be3 O-O 14. e6 Qd6 15. exf7+ Rxf7 16. Rc1 Nxd4 17. Bxd4 Bxd4 18. Nxd4 Nf5 19. Nb3 Rd8 20. Qd2 h6 21. Rfd1 Kh7 22. g3 Qb6 23. Nc5 Rdf8 24. Bd3 Kh8 {Amin,B (2667)-Soham,K (2382) Abu Dhabi UAE 2024 ½-½}) 10... Rc8 11. dxc5 Bxc5 12. b4 Ba7 13. Bb2 Nge7 14. e6 f6 15. Nh4 O-O 16. Nxg6 hxg6 17. Bd3 Qd6 18. Re1 Ne5 19. Nf3 N7c6 20. e7 Rfe8 21. Nxe5 fxe5 22. Qg4 Qf6 23. Kh1 Nxe7 24. Rxe5 Qf7 25. Rae1 Rc6 26. Qd7 Kf8 27. Qxb7 Bxf2 28. Qxc6 Bxe1 29. Qxa6 Bh4 30. Re3 Nf5 31. Rf3 Re1+ 32. Rf1 Kg8 33. Rxe1 Bxe1 34. Qc8+ Kh7 35. Qc1 Qe6 36. Qf4 Bh4 37. Qe5 Qd7 38. Qe2 d4 39. b5 Bf6 40. Qe4 Qc7 41. g3 Qa5 42. Qe2 Ne3 43. Bc1 Qc3 44. Bxe3 dxe3 45. Qxe3 Qb2 46. h4 Qe5 47. Qxe5 Bxe5 48. Kg2 Bc7 49. g4 Kh6 50. g5+ Kh7 51. Kf3 1-0

[Event "45th FIDE Chess Olympiad Open"]
[Site "Budapest, Hungary"]
[Date "2024.09.13"]
[Round "3.42"]
[White "Macovei, Andrei"]
[Black "Abasov, Nijat"]
[Result "1/2-1/2"]
[WhiteElo "2464"]
[BlackElo "2626"]
[PlyCount "49"]
[EventDate "2024.??.??"]
[WhiteTeam "Moldova"]
[BlackTeam "Azerbaijan"]
[WhiteTeamCountry "MDA"]
[BlackTeamCountry "AZE"]
[WhiteClock "0:16:14"]
[BlackClock "0:18:33"]

1. e4 c6 2. Nf3 d5 3. Nc3 dxe4 4. Nxe4 Nf6 5. Qe2 Nxe4 6. Qxe4 Nd7 7. d4 Nf6 8. Qd3 g6 9. Be2 Bg7 10. O-O O-O 11. h3 Qc7 12. c4 Rd8 13. Rd1 Bf5 14. Qb3 b5 $146 ({RR} 14... a5 15. a4 h6 16. Be3 Be6 17. d5 cxd5 18. Bb6 Qf4 19. Bxd8 Rxd8 20. Nd4 Bc8 21. Qf3 Qe5 22. cxd5 Nxd5 23. Bc4 e6 24. Rac1 Nb6 25. Nc6 Rxd1+ 26. Qxd1 Qc7 27. Nxa5 Bxb2 28. Rc2 Ba3 29. Bxe6 {Abdusattorov,N (2661)-Bluebaum,M (2637) Chess.com INT 2022 1-0 (39)}) 15. Bg5 bxc4 16. Bxc4 Nd5 17. Bh4 Rdb8 18. Qa3 Rb6 19. Bxd5 cxd5 20. Bxe7 Qb7 21. b3 Ra6 22. Qb4 Rb6 23. Qa3 Ra6 24. Qb4 Rb6 25. Qa3 1/2-1/2

[Event "45th FIDE Chess Olympiad Open"]
[Site "Budapest, Hungary"]
[Date "2024.09.13"]
[Round "3.43"]
[White "Mamedyarov, Shakhriyar"]
[Black "Lashkin, Jegor"]
[Result "1-0"]
[WhiteElo "2733"]
[BlackElo "2472"]
[PlyCount "80"]
[EventDate "2024.??.??"]
[WhiteTeam "Azerbaijan"]
[BlackTeam "Moldova"]
[WhiteTeamCountry "AZE"]
[BlackTeamCountry "MDA"]
[WhiteClock "0:12:07"]
[BlackClock "0:00:33"]

1. c4 e5 2. Nc3 Nf6 3. Nf3 Nc6 4. a3 d5 5. cxd5 Nxd5 6. Qc2 Be7 7. e3 O-O 8. Bd3 g6 ({RR} 8... Kh8 9. Nxd5 Qxd5 10. Be4 Qe6 11. b4 f5 12. Bxc6 bxc6 13. Bb2 Bd6 14. d4 e4 15. Ne5 Bxe5 16. dxe5 Ba6 17. Rc1 Qg6 18. f4 Bd3 19. Qd2 Rfd8 20. Bd4 Rd5 21. Rc5 h5 22. Kf2 h4 23. Rhc1 {Chigaev,M (2626)-Janaszak,D (2308) chess.com INT 2023 1-0 (72)}) 9. Nxd5 Qxd5 10. b4 Be6 11. Bb2 $146 ({RR} 11. Be4 Qd6 12. Bb2 f6 13. O-O Bd5 14. Rac1 Rac8 15. d4 exd4 16. Nxd4 Nxd4 17. Bxd4 Qe6 {½-½ (17) Milanovic,S (2331)-Stojanovic,D (2331) Serbia 2009}) 11... Rfd8 12. Be4 Qb5 13. h4 Bf6 14. h5 Kg7 15. Rb1 a5 16. bxa5 Ba2 17. Rc1 Bd5 18. Bc3 Nd4 19. exd4 Bxe4 20. Qxe4 exd4 21. Nxd4 Rxd4 22. Bxd4 Re8 23. h6+ Kf8 24. Bc5+ Kg8 25. Qxe8+ Qxe8+ 26. Be3 Be5 27. O-O Qa4 28. Rfe1 f6 29. Bc5 g5 30. d4 Bf4 31. Rb1 Qc6 32. Re7 g4 33. a6 Qxa6 34. Rg7+ Kh8 35. Re1 Qa4 36. g3 Bxh6 37. Rxc7 Qa8 38. d5 Qd8 39. d6 Bf8 40. Rxb7 Kg8 1-0

[Event "45th FIDE Chess Olympiad Open"]
[Site "Budapest, Hungary"]
[Date "2024.09.13"]
[Round "3.44"]
[White "Bologan, Victor"]
[Black "Muradli, Mahammad"]
[Result "1/2-1/2"]
[WhiteElo "2598"]
[BlackElo "2576"]
[PlyCount "84"]
[EventDate "2024.??.??"]
[WhiteTeam "Moldova"]
[BlackTeam "Azerbaijan"]
[WhiteTeamCountry "MDA"]
[BlackTeamCountry "AZE"]
[WhiteClock "0:30:56"]
[BlackClock "0:19:38"]

1. e4 c5 2. Nf3 d6 3. Bb5+ Bd7 4. c4 Nf6 5. Nc3 g6 6. Bxd7+ Qxd7 7. d4 cxd4 8. Qxd4 Bg7 9. O-O Nc6 10. Qd3 Ng4 ({RR} 10... O-O 11. Bd2 Rfc8 12. b3 Rab8 13. Rac1 a6 14. Nd5 Nxd5 15. exd5 Ne5 16. Nxe5 Bxe5 17. a4 b5 18. cxb5 axb5 19. a5 b4 20. Rxc8+ Qxc8 21. Rc1 Qd8 22. a6 Qa5 23. Be3 Bc3 24. a7 Ra8 25. g3 {Skotheim,A (2214)-Kaewpitakkun,P (1989) Fagernes NOR 2024 1-0 (40)}) 11. Bd2 Nge5 $146 ({RR} 11... Rc8 12. b3 O-O {½-½ (12) Gavrilescu,D (2528)-Petrov,M (2523) Miercurea Ciuc 2022}) ({RR} 11... O-O 12. Rac1 f5 13. exf5 Rxf5 14. h3 Nge5 15. Nxe5 Nxe5 16. Qe4 Raf8 17. f4 Nc6 18. b3 e6 19. Rce1 d5 20. cxd5 exd5 21. Qd3 Nb4 22. Qe2 d4 23. Qc4+ Qf7 24. Qxb4 a5 25. Qb6 dxc3 26. Be3 {Gara,A (2353)-Popovic,D (2494) Hungary HUN 2023 0-1 (46)}) 12. Nxe5 dxe5 13. Qxd7+ Kxd7 14. Rad1 Nd4 15. f4 Rhc8 16. b3 exf4 17. Bxf4 Ke8 18. e5 Ne6 19. Bg3 Rc5 20. Nd5 Rac8 21. a4 R5c6 22. Rd3 Nd8 23. Rfd1 Ne6 24. Bh4 g5 25. Bg3 h6 26. Rf1 Nd8 27. h4 Re6 28. hxg5 hxg5 29. Rf5 Rg6 30. Nc3 Nc6 31. Ne4 g4 32. a5 Rd8 33. Rxd8+ Nxd8 34. Nc5 Bh6 35. Kf2 Rc6 36. Nd3 Ne6 37. Rh5 Bd2 38. Rh8+ Kd7 39. Rb8 Kc7 40. Re8 Kd7 41. Rb8 Kc7 42. Rg8 Kd7 1/2-1/2

[Event "45th FIDE Chess Olympiad Open"]
[Site "Budapest, Hungary"]
[Date "2024.09.13"]
[Round "3.45"]
[White "Albornoz Cabrera, Carlos Daniel"]
[Black "Shirov, Alexei"]
[Result "1-0"]
[WhiteElo "2579"]
[BlackElo "2666"]
[PlyCount "69"]
[EventDate "2024.??.??"]
[WhiteTeam "Cuba"]
[BlackTeam "Spain"]
[WhiteTeamCountry "CUB"]
[BlackTeamCountry "ESP"]
[WhiteClock "0:16:35"]
[BlackClock "0:01:09"]

1. e4 e6 2. d4 d5 3. Nd2 c5 4. Ngf3 cxd4 5. exd5 Qxd5 6. Bc4 Qd7 7. O-O Nc6 8. Nb3 a6 9. Nbxd4 Nxd4 10. Nxd4 Qc7 11. Qe2 Bd6 12. Nf5 ({RR} 12. h3 Ne7 13. Be3 O-O 14. Rad1 b5 15. Bb3 Ng6 16. c4 bxc4 17. Qxc4 Bh2+ 18. Kh1 Qxc4 19. Bxc4 Bf4 20. Bxf4 {½-½ (20) Adams,M (2706)-Howell,D (2687) Hull 2018}) ({RR} 12. Nf3 Ne7 13. Bd3 O-O 14. h3 Ng6 15. Ng5 h6 16. Bxg6 fxg6 17. Nxe6 Qe7 18. Re1 Rf6 19. Nf4 Qf7 20. Qe8+ Qxe8 21. Rxe8+ Kf7 22. Re4 Bf5 23. Re2 Rd8 24. Nd5 Re6 25. Rxe6 Kxe6 26. Nf4+ Bxf4 {Albornoz Cabrera,C (2566)-Adhiban,B (2701) Havana 2019 ½-½}) 12... Bxh2+ 13. Kh1 Qe5 $146 ({RR} 13... Be5 14. Re1 g6 15. Qxe5 Qxe5 16. Rxe5 gxf5 17. Bd2 Ne7 18. Rae1 Bd7 19. Bg5 h5 20. Bxe7 Kxe7 21. Rxf5 Rag8 22. Rfe5 Kf6 23. R5e3 Bc6 24. Bf1 h4 25. Kh2 Rg5 26. Rh3 Rg4 27. Ree3 Rf4 28. Kg1 {Hernandez Tellez,C (1969)-Nied,P (2151) Benidorm ESP 2023 ½-½ (46)}) ({RR} 13... Be5 14. Re1 g6 15. Qxe5 Qxe5 16. Rxe5 gxf5 17. b3 Ne7 18. Bb2 Rg8 19. Re3 b5 20. Bf1 Bb7 21. c4 bxc4 22. bxc4 O-O-O 23. Bf6 Rd7 24. Rb3 Nc6 25. Rab1 Rg6 26. Bc3 e5 27. f3 e4 28. Be2 {Filgueiras,N (2321)-Jordao Barbosa,M (2146) Florianopolis BRA 2024 ½-½}) ({RR} 13... Be5 14. f4 exf5 15. fxe5 Be6 16. Bd3 Ne7 17. Bg5 g6 18. Bf6 Rg8 19. Rad1 O-O-O 20. Bxa6 bxa6 21. Qxa6+ Kb8 22. Rd6 Nc8 23. Rc6 Qb7 24. Rf3 Qxa6 25. Rxa6 Rd1+ 26. Kh2 Kb7 27. Rfa3 g5 28. b3 {Steenbekkers,L (1979)-Steinbuerg,K (2443) Chess.com INT 2019 0-1 (38)}) ({RR} 13... Be5 14. Re1 g6 15. Qxe5 Qxe5 16. Rxe5 gxf5 17. Rc5 Bd7 18. b3 Ne7 19. Rc7 b5 20. Bb2 Kd8 21. Rc5 Rg8 22. Bf1 Rc8 23. Bd4 Rg4 24. c3 Rxc5 25. Bxc5 Nc6 26. b4 Ne5 27. Rd1 Nc4 28. f3 {Kardoeus,D (2172)-Schulze,L (2314) Bremen 2020 1-0 (70)}) 14. Nxg7+ Qxg7 15. Kxh2 Ne7 16. Rd1 Bd7 17. Rd3 Nf5 18. Bd5 Nd4 19. Qe4 f5 20. Qxd4 Qxd4 21. Rxd4 exd5 22. Rxd5 Be6 23. Rd6 Kf7 24. Bg5 Rhg8 25. Re1 Rae8 26. f4 Bxa2 27. Rd7+ Kg6 28. Be7 Rc8 29. Re3 h6 30. Bb4 Rcd8 31. Rde7 Bd5 32. Bc3 Be4 33. g4 Rde8 34. gxf5+ Kxf5 35. R3xe4 1-0